[Event "Muensterland Regionalliga Gr1 2223"]
[Site "Germany"]
[Date "2022.09.03"]
[Round "1.8"]
[White "Buijnsters, Floris"]
[Black "Drescher, Alexander"]
[Result "1-0"]
[WhiteElo "1745"]
[BlackElo "1577"]
[PlyCount "81"]
[EventDate "2022.09.03"]
[EventType "team-tourn"]
[EventRounds "7"]
[EventCountry "GER"]
[SourceTitle "EXT 2024"]
[Source "ChessBase"]
[SourceDate "2023.10.10"]
[SourceVersion "1"]
[SourceVersionDate "2023.10.10"]
[SourceQuality "1"]
[WhiteTeam "Metelen"]
[BlackTeam "Saerbeck"]
[WhiteTeamCountry "GER"]
[BlackTeamCountry "GER"]

1. e4 c6 2. Nc3 d5 3. Nf3 dxe4 4. Nxe4 Nf6 5. Nxf6+ exf6 6. d4 Bd6 7. Bd3 0-0 8. 0-0 Bg4 9. Be3 Nd7 10. h3 Bh5 11. Be2 Re8 12. c4 Qa5 13. a3 Rad8 14. Re1 Bb8 15. Qb3 Qc7 16. g3 Re7 17. Rac1 Rde8 18. Rc3 g5 19. Kg2 Bxf3+ 20. Bxf3 f5 21. Rg1 f4 22. gxf4 Kh8 23. fxg5 Qh2+ 24. Kf1 Qxh3+ 25. Bg2 Qf5 26. Rh1 f6 27. Bh3 Qg6 28. Bxd7 Rxd7 29. Rh6 Qb1+ 30. Rc1 Qe4 31. Rxf6 Qh1+ 32. Ke2 Qxc1 33. Rf8+ Rxf8 34. Bxc1 Re7+ 35. Be3 Rf5 36. Kf1 Rf3 37. Kg2 Ref7 38. d5 Bd6 39. Bd4+ Kg8 40. Qxf3 Rxf3 41. Kxf3 1-0

[Event "Enschede op-A"]
[Site "Enschede"]
[Date "2022.08.12"]
[Round "7"]
[White "Buijnsters, Floris"]
[Black "Hubers, Daan"]
[Result "0-1"]
[WhiteElo "1367"]
[BlackElo "1817"]
[PlyCount "70"]
[EventDate "2022.08.08"]
[EventType "swiss"]
[EventRounds "9"]
[EventCountry "NED"]
[SourceTitle "CBM 209 Extra"]
[Source "ChessBase"]
[SourceDate "2022.09.30"]
[SourceVersion "1"]
[SourceVersionDate "2022.09.30"]
[SourceQuality "1"]

1. e4 Nf6 2. e5 Ng8 3. d4 d6 4. Nf3 dxe5 5. Nxe5 Nd7 6. Qf3 Ngf6 7. Bc4 Nxe5 8. dxe5 Bg4 9. Qd3 Nd7 10. Bf4 g5 11. Bg3 e6 12. 0-0 h5 13. f3 Bf5 14. Qe2 Bg7 15. h3 Qe7 16. Nc3 h4 17. Bh2 Qc5+ 18. Kh1 Nxe5 19. Bxe5 Qxe5 20. Qxe5 Bxe5 21. Ne4 Bf4 22. Rad1 0-0 23. Rd7 Rfd8 24. Rfd1 Rxd7 25. Rxd7 Bxe4 26. fxe4 Bd6 27. Be2 Kg7 28. Kg1 Rh8 29. c4 Rh6 30. Kf1 Rf6+ 31. Bf3 Kf8 32. c5 Ke8 33. e5 Rxf3+ 34. gxf3 Kxd7 35. cxd6 cxd6 0-1

[Event "Enschede op-A"]
[Site "Enschede"]
[Date "2022.08.10"]
[Round "5"]
[White "Van Dam, Thijs"]
[Black "Buijnsters, Floris"]
[Result "0-1"]
[WhiteElo "1873"]
[BlackElo "1367"]
[PlyCount "66"]
[EventDate "2022.08.08"]
[EventType "swiss"]
[EventRounds "9"]
[EventCountry "NED"]
[SourceTitle "CBM 209 Extra"]
[Source "ChessBase"]
[SourceDate "2022.09.30"]
[SourceVersion "1"]
[SourceVersionDate "2022.09.30"]
[SourceQuality "1"]

1. d4 d5 2. Bf4 Nf6 3. e3 Bf5 4. Nf3 e6 5. Be2 h6 6. 0-0 Be7 7. c4 c6 8. Qb3 Qb6 9. c5 Qxb3 10. axb3 0-0 11. b4 a6 12. b5 cxb5 13. Bxb5 Nbd7 14. Be2 Rfc8 15. Nc3 Nh5 16. Ne5 Nxf4 17. exf4 Nxe5 18. fxe5 f6 19. f4 fxe5 20. fxe5 Bg5 21. Rad1 Bc2 22. Bg4 Rc6 23. Rde1 Bd2 24. Re2 Bxc3 25. bxc3 Bd3 26. Rb2 Bxf1 27. Kxf1 Rb8 28. c4 dxc4 29. Bf3 Rc7 30. Rb6 Rd8 31. Bxb7 Rxd4 32. c6 c3 33. Rb3 c2 0-1